[Event "11th Puhajarve Rapid"]
[Site "Harjumaa EST"]
[Date "2010.11.27"]
[Round "16"]
[White "Kulaots,K"]
[Black "Leito,P"]
[Result "1-0"]
[WhiteElo "2580"]
[BlackElo "2333"]

1.e4 c5 2.Nf3 e6 3.d4 cxd4 4.Nxd4 Nc6 5.Nc3 d6 6.Be3 Nf6 7.Qd2 a6 8.f3 Qc7
9.O-O-O Ne5 10.f4 Nc4 11.Bxc4 Qxc4 12.e5 Nd5 13.Nxd5 Qxd5 14.Kb1 dxe5 15.fxe5 Be7
16.Bf4 Qc4 17.h4 O-O 18.Bg5 f6 19.exf6 Bxf6 20.Bxf6 Rxf6 21.Nf3 e5 22.Nxe5 Qc5
23.Rhe1 Bf5 24.g4 Be6 25.Qd4 Qc7 26.Nd7 Bxd7 27.Qxd7 Rf7 28.Re8+ Rxe8 29.Qxe8+ Rf8
30.Qe6+ Kh8 31.b3 Qc3 32.h5 h6 33.Qe2 a5 34.Qe7 Rc8  1-0

[Event "XXIII Belgrade Trophy"]
[Site "Obrenovac SRB"]
[Date "2010.11.27"]
[Round "4.5"]
[White "Popovic,Du"]
[Black "Podinic,V"]
[Result "1/2-1/2"]
[WhiteElo "2546"]
[BlackElo "2412"]

1.e4 c5 2.Nf3 Nc6 3.d4 cxd4 4.Nxd4 e6 5.Nc3 Qc7 6.Be3 a6 7.Be2 Nf6 8.a3 Be7
9.f4 d6 10.g4 h6 11.h4 Bd7 12.Qd2 Nxd4 13.Bxd4 e5 14.Be3 Bxg4 15.Bxg4 Nxg4
16.O-O-O Nxe3 17.Qxe3 Rc8 18.Rd2 Qc5 19.Qg3 exf4 20.Qxg7 Qe5 21.Qg4 Rxc3
22.bxc3 Qxc3 23.Rdh2 f3 24.Rh3 Qa1+ 25.Kd2 Qd4+ 26.Kc1 Qa1+  1/2-1/2

[Event "Open LTU Rapid"]
[Site "Vilnius LTU"]
[Date "2010.11.27"]
[Round "4"]
[White "Gdanski,J"]
[Black "Dambrauskas,V"]
[Result "1/2-1/2"]
[WhiteElo "2542"]
[BlackElo "2354"]

1.e4 c5 2.Nc3 Nc6 3.Nf3 e6 4.d4 cxd4 5.Nxd4 Qc7 6.g3 a6 7.Bg2 Nf6 8.O-O Be7
9.Re1 O-O 10.Nxc6 bxc6 11.e5 Nd5 12.Qg4 f5 13.Qc4 Qb6 14.Na4 Qb5 15.Bf1 Qxc4
16.Bxc4 Rb8 17.b3 Bb4 18.Re2 Nc3 19.Nxc3 Bxc3 20.Rb1 a5 21.a4 h6 22.h4 Kh7
23.h5 Rg8 24.Bf4 Bb4 25.Rd1 Re8 26.Kg2 Ra8 27.Rd3 Be7 28.Bd2 Rf8 29.f4 g5
30.hxg6+ Kxg6 31.Kf3 h5 32.Rh2 Rh8 33.Bc3 Rh7 34.Rd1 Bc5 35.Bd4 Bxd4 36.Rxd4 Ba6
37.Bxa6 Rxa6 38.Ke3 Ra7 39.Rd1 Kf7 40.Rdh1 Kg6 41.Kd4 Rb7 42.Kc5 Rb4 43.Rd1 Rg7
44.Rd4 Rb7 45.Kd6 Kh6 46.Rh3 Kg6 47.Rc4 Rh7 48.Rc5 Ra7 49.Rh1 Rg7 50.Rc3 Rb7
51.Rc4 Kh6 52.Rc3 Kg6 53.Rc5 Ra7 54.Rd1 Kf7 55.Rd3 Ke8 56.Rf3 Kd8 57.Rc4 Kc8
58.Rd4 Kb7 59.Kc5 Kc7 60.Rd2 Ra8 61.Rh2 Rag8 62.Rh3 Rg4 63.c3 Rh8 64.b4 axb4
65.cxb4 h4 66.b5 cxb5 67.axb5 hxg3 68.Rhxg3 Rh1 69.b6+ Kb7 70.Rxg4 fxg4 71.Rd3 Rh7
72.Ra3 Rg7 73.Rg3 Ka6 74.Ra3+ Kb7 75.Rg3 Ka6 76.Ra3+ Kb7 77.Rg3 Ka6 78.Ra3+ Kb7
79.Rg3 Ka6 80.Ra3+  1/2-1/2

[Event "3rd Remco Heite Rapid Open"]
[Site "Wolvega NED"]
[Date "2010.11.27"]
[Round "4"]
[White "Nijboer,F"]
[Black "Brandenburg,D"]
[Result "1-0"]
[WhiteElo "2583"]
[BlackElo "2515"]

1.e4 c5 2.Nf3 e6 3.Nc3 Nc6 4.d4 cxd4 5.Nxd4 Qc7 6.Be3 a6 7.Qd2 Nf6 8.O-O-O Bb4
9.f3 O-O 10.g4 b5 11.g5 Ne8 12.Nxc6 Qxc6 13.Rg1 Bxc3 14.Qxc3 Qxc3 15.bxc3 f5
16.gxf6 Nxf6 17.c4 bxc4 18.Bxc4 Bb7 19.Rd6 Rf7 20.Bd4 Kf8 21.Rb6 d5 22.Bxf6 gxf6
23.exd5 exd5 24.Bd3 a5 25.Kd2 Rc8 26.Rgb1 Bc6 27.Ra6 d4 28.Rbb6 Bb7 29.Rxa5 Bxf3
30.Rf5 Bc6 31.Rf4 Bd5 32.a4 Bc4 33.Rbxf6 Rxf6 34.Rxf6+ Ke7 35.Rh6 Bxd3 36.Kxd3 Rc3+
37.Kxd4 Rxc2 38.Rxh7+ Kd6 39.Rh6+ Kd7 40.a5 Ra2 41.a6 Kc7 42.h4 Kb8 43.h5 Ka7
44.Rg6 Ra4+ 45.Ke3 Rh4 46.h6  1-0

[Event "11th Puhajarve Rapid"]
[Site "Harjumaa EST"]
[Date "2010.11.28"]
[Round "29"]
[White "Schuls,O"]
[Black "Volodin,Alek"]
[Result "1-0"]
[WhiteElo "2224"]
[BlackElo "2481"]

1.e4 c5 2.Nf3 e6 3.d4 cxd4 4.Nxd4 Nc6 5.Nc3 Qc7 6.Ndb5 Qb8 7.a4 a6 8.Na3 Nf6
9.Nc4 Bc5 10.Be3 Bxe3 11.Nxe3 O-O 12.Bd3 b6 13.O-O Bb7 14.f4 d6 15.Qf3 Nd4
16.Qh3 b5 17.e5 dxe5 18.fxe5 Qxe5 19.Rxf6 g6 20.Ng4 Qg5 21.Nh6+ Kg7 22.Rxf7+ Rxf7
23.Nxf7 Qc5 24.Kh1 h5 25.Be4 Ra7 26.Bxb7 Rxb7 27.Ne4 Qxc2  1-0

[Event "XXIII Belgrade Trophy"]
[Site "Obrenovac SRB"]
[Date "2010.11.28"]
[Round "5.29"]
[White "Savicevic,V"]
[Black "Potpara,N"]
[Result "1/2-1/2"]
[WhiteElo "2348"]
[BlackElo "2160"]

1.e4 c5 2.Nf3 e6 3.Nc3 Nc6 4.d4 cxd4 5.Nxd4 Qc7 6.Ndb5 Qb8 7.Be3 a6 8.Bb6 axb5
9.Nxb5 Bb4+ 10.c3 Ba5 11.Nc7+ Qxc7 12.Bxc7 Bxc7 13.Qg4 Kf8 14.Bb5 h5 15.Qe2 Nf6
16.O-O g5 17.a4 Ne5 18.a5 Rxa5 19.Rxa5 Bxa5 20.Qe3 d6 21.Ra1 Bc7 22.Ra8 Ke7
23.Qxg5 Bb6 24.h3 Rg8 25.Qxg8 Nxg8 26.Rxc8 Bd8 27.Rb8 b6 28.Rb7+ Kf8 29.f4 Ng6
30.f5 Ne5 31.Kf2 Nf6 32.Ke3 h4 33.Rb8 Ke7 34.Kf4 Bc7 35.Rc8 Bd8 36.Ra8 Bc7
37.Ra7 Kd8 38.fxe6 fxe6 39.Kg5 Nxe4+ 40.Kxh4 d5 41.Kh5 Bd6 42.g4 Be7 43.Ra8+ Kc7
44.Kh6 Bg5+ 45.Kg7 Bf6+ 46.Kh6 Bg5+  1/2-1/2

[Event "National Chess Congress"]
[Site "Philadelphia USA"]
[Date "2010.11.28"]
[Round "5"]
[White "Leach,Daniel F"]
[Black "Terrie,H"]
[Result "1-0"]
[WhiteElo "2141"]
[BlackElo "2089"]

1.e4 c5 2.Nc3 e6 3.Nf3 Nc6 4.d4 cxd4 5.Nxd4 Qc7 6.Be3 a6 7.Be2 Nf6 8.O-O Bb4
9.Na4 Be7 10.c4 Nxe4 11.Nxc6 bxc6 12.Qd4 Nf6 13.Bf4 d6 14.Qb6 Qb7 15.Bf3 O-O
16.Qxc6 Qxc6 17.Bxc6 Rb8 18.c5 e5 19.cxd6 Bxd6 20.Rfd1 Bc7 21.Be3 Bf5 22.b3 Rfd8
23.Nc5 a5 24.Na6 Rxd1+ 25.Rxd1 Rd8 26.Rc1 Bd6 27.Bb7 Ba3 28.Re1 Rd6 29.h3 h6
30.Bc5 Bxc5 31.Nxc5 e4 32.Nxe4 Bxe4 33.Bxe4 Rd2 34.a4 Nxe4 35.Rxe4 Rb2 36.Re8+ Kh7
37.Rb8 g6 38.Rb5 Kg7 39.g4 Kf6 40.Kg2 Rb1 41.h4 g5 42.h5 Kg7 43.Kf3 Rb2 44.Ke3 Kg8
45.f3 Kg7 46.Ke4 Kg8 47.Kd4 Kg7 48.Kc3 Rf2 49.Rf5 Rf1 50.b4 axb4+ 51.Kxb4 Rb1+
52.Kc5 Ra1 53.Kb5 Rb1+ 54.Ka6 Rb4 55.a5 Rb3 56.Ka7  1-0

[Event "National Chess Congress"]
[Site "Philadelphia USA"]
[Date "2010.11.28"]
[Round "5"]
[White "Herman,Ma"]
[Black "Bartell,T"]
[Result "1-0"]
[WhiteElo "2149"]
[BlackElo "2342"]

1.e4 c5 2.Nf3 e6 3.d4 cxd4 4.Nxd4 Nc6 5.Nc3 Qc7 6.Be3 a6 7.Qd2 Nf6 8.f3 Be7
9.O-O-O O-O 10.g4 b5 11.g5 Ne8 12.h4 Ne5 13.Kb1 Bb7 14.Bf4 d6 15.Qh2 Rc8
16.h5 b4 17.g6 bxc3 18.h6 Qb6 19.b3 fxg6 20.hxg7 Nxg7 21.Qxh7+ Kf7 22.Nxe6 Rg8
23.Rh6 Kxe6 24.Bxe5 Kxe5 25.Qxg6 Rcf8 26.Qg3+ Rf4 27.Bc4 Qd8 28.Qxg7+  1-0

[Event "XXIII Belgrade Trophy"]
[Site "Obrenovac SRB"]
[Date "2010.11.29"]
[Round "6.26"]
[White "Marjanovic,Dej"]
[Black "Bergsson,Sn"]
[Result "1/2-1/2"]
[WhiteElo "2125"]
[BlackElo "2304"]

1.e4 c5 2.Nf3 Nc6 3.d4 cxd4 4.Nxd4 e6 5.Nc3 Qc7 6.Be3 a6 7.Be2 Nf6 8.O-O Bb4
9.Na4 Be7 10.Nxc6 bxc6 11.Nb6 Rb8 12.Nxc8 Qxc8 13.e5 Nd5 14.Bc1 Bc5 15.c4 Ne7
16.Bd3 Qc7 17.Qe2 Bd4 18.Re1 Qa7 19.Rb1 Ng6 20.Bxg6 fxg6 21.Be3 Bxe3 22.Qxe3  1/2-1/2

[Event "XXIII Belgrade Trophy"]
[Site "Obrenovac SRB"]
[Date "2010.11.30"]
[Round "7.70"]
[White "Markovic,Ta"]
[Black "Miladinovic,L"]
[Result "0-1"]
[WhiteElo "1836"]
[BlackElo "2027"]

1.e4 c5 2.Nf3 e6 3.d4 cxd4 4.Nxd4 Nc6 5.Nc3 Qc7 6.Be3 a6 7.Qd2 Nf6 8.f3 Bb4
9.a3 Be7 10.g4 O-O 11.O-O-O b5 12.Qf2 b4 13.axb4 Bxb4 14.Na2 Be7 15.Nb3 Rb8
16.Nc5 d6 17.Na4 Nb4 18.Nxb4 Rxb4 19.Rd4 Rxd4 20.Bxd4 Qa5 21.b3 Nd7 22.Qd2 Bg5
23.Be3 Bxe3 24.Qxe3 Bb7 25.Kb1 Rc8 26.Bd3 Bc6 27.Nb2 Bb5 28.Bxb5 axb5 29.Rd1 Ra8
30.c4 bxc4 31.bxc4 Qa2+ 32.Kc2 Rb8 33.Rb1 Nc5 34.Qd2 Na4 35.Kc1 Nxb2 36.Rxb2 Qxc4+
37.Rc2 Qf1+ 38.Qd1 Rb1+  0-1

[Event "XXIII Belgrade Trophy"]
[Site "Obrenovac SRB"]
[Date "2010.11.30"]
[Round "7.53"]
[White "Marinkov,S"]
[Black "Potpara,N"]
[Result "1/2-1/2"]
[WhiteElo "1939"]
[BlackElo "2160"]

1.e4 c5 2.Nf3 e6 3.d4 cxd4 4.Nxd4 Nc6 5.Nc3 Qc7 6.Be3 a6 7.Qd2 Nf6 8.f3 Be7
9.Bd3 O-O 10.O-O-O b5 11.g4 Ne5 12.g5 Ne8 13.f4 Nxd3+ 14.Qxd3 b4 15.Nce2 Bb7
16.Rhg1 Nd6 17.Ng3 Nc4 18.e5 d6 19.exd6 Bxd6 20.Nh5 g6 21.Nf6+ Kg7 22.Rg4 Rac8
23.Rh4 h5 24.Rxh5 Rh8 25.Rxh8 Rxh8 26.Rf1 Be7 27.f5 Nxe3 28.Qxe3 exf5 29.h4 Bc5
30.h5 Rd8 31.Qe8 Rxe8 32.Nxe8+ Kg8 33.Nxc7 Bxd4 34.hxg6 fxg6 35.Ne6 Be3+
36.Kd1 Bg2 37.Ke2 Bxf1+ 38.Kxe3 Bc4 39.Nf4 Kf7 40.Kd4 Bxa2 41.b3 a5 42.Kd3 Ke7
43.Nxg6+ Kd6 44.Nf4 a4 45.Kc4 Bxb3+ 46.cxb3 a3 47.g6 a2 48.g7 a1=Q 49.g8=Q Qc3+
50.Kb5 Qc5+ 51.Ka4 Qa7+ 52.Kxb4 Qc5+  1/2-1/2

[Event "XXIII Belgrade Trophy"]
[Site "Obrenovac SRB"]
[Date "2010.12.02"]
[Round "9.8"]
[White "Pikula,D"]
[Black "Dragomirescu,R"]
[Result "1/2-1/2"]
[WhiteElo "2533"]
[BlackElo "2411"]

1.e4 c5 2.Nf3 e6 3.d4 cxd4 4.Nxd4 Nc6 5.Nc3 Qc7 6.Be3 a6 7.Qd2 Nf6 8.O-O-O Bb4
9.f3 Ne5 10.Nb3 b5 11.Kb1 Nc4 12.Bxc4 bxc4 13.Nc1 Rb8 14.N1e2 O-O 15.Bf4 e5
16.Bg5 Qb6 17.Bxf6 Ba3 18.b3 Qxf6 19.Nd5 Qd8 20.Qc3 cxb3 21.axb3 d6 22.Qc7 Qxc7
23.Nxc7 f5 24.Nc3 fxe4 25.Nxe4 Bf5 26.Rhe1 Rb7 27.Nd5 a5 28.Ka2 Bc5 29.Nxc5 dxc5
30.Kb2 Re8 31.Ra1 c4 32.Rxa5 cxb3 33.cxb3 Reb8 34.Re3 Be6 35.Rc5 h5 36.Kc2 h4
37.Kb2 Bf7 38.Rd3 Be6 39.Rcc3 h3 40.gxh3 Kh7 41.Ne3 Bxh3 42.Nc4 Bf1 43.Re3 Bxc4
44.Rxc4 Rb5 45.Rce4 Rd5 46.Kc3 Rbb5 47.b4 Rd4 48.Rd3 Rbxb4 49.Rdxd4 Rxd4
50.Rxd4 exd4+ 51.Kxd4 Kg6 52.Ke4 Kf6 53.Kf4 g5+ 54.Kg4 Kg6 55.Kh3 Kf6 56.Kg2 Ke5
57.Kg3 Kf5 58.h3 Kf6 59.Kf2 Kf5 60.Kg2 Kf4 61.Kf2 Kf5 62.Kg3  1/2-1/2

[Event "77th ch-BRA"]
[Site "Americana BRA"]
[Date "2010.12.04"]
[Round "6"]
[White "Fier,A"]
[Black "Mekhitarian,K"]
[Result "1-0"]
[WhiteElo "2572"]
[BlackElo "2525"]

1.e4 c5 2.Nf3 e6 3.d4 cxd4 4.Nxd4 Nc6 5.Nc3 a6 6.Be2 d6 7.Be3 Nf6 8.f4 Qc7
9.Qd2 Be7 10.O-O-O Nxd4 11.Bxd4 e5 12.Be3 b5 13.a3 Bb7 14.Nd5 Bxd5 15.exd5 Rc8
16.c3 exf4 17.Bxf4 O-O 18.Bd3 Nd7 19.Qc2 g6 20.h4 Ne5 21.Bxe5 dxe5 22.h5 f5
23.hxg6 hxg6 24.Qd2 Bf6 25.d6 Qd8 26.Kb1 Bg5 27.Qf2 Ra8 28.Bc2 Kg7 29.g4 fxg4
30.Qh2 Rh8 31.Qxe5+ Qf6 32.Qe4 Rxh1 33.Rxh1 Rf8 34.Qxg4 Bf4 35.Qh3 Qxd6 36.Qh7+ Kf6
37.Qxg6+ Ke7 38.Re1+ Kd7 39.Rd1  1-0

[Event "77th ch-BRA"]
[Site "Americana BRA"]
[Date "2010.12.04"]
[Round "6"]
[White "Gonzalez,Bo"]
[Black "Di Berardino,D"]
[Result "0-1"]
[WhiteElo "2277"]
[BlackElo "2491"]

1.e4 c5 2.Nf3 e6 3.d4 cxd4 4.Nxd4 Nc6 5.Nc3 a6 6.Be2 d6 7.Be3 Nf6 8.O-O Be7
9.f4 O-O 10.Kh1 Bd7 11.Qe1 b5 12.a3 Qb8 13.Bf3 Nxd4 14.Bxd4 e5 15.Be3 Bc6
16.g4 Qb7 17.Bd2 d5 18.exd5 Nxd5 19.Nxd5 Bxd5 20.Qg3 Rad8 21.Be3 f5 22.gxf5 exf4
23.Bxf4 Rxf5 24.Bxd5+ Qxd5+ 25.Qg2 Qc5 26.Bh6 Bf6 27.Rxf5 Qxf5 28.Rf1 Qe5
29.c3 Re8 30.Bf4 Qh5 31.Bg3 h6 32.Qf3 Qg6 33.Qd5+ Kh8 34.Qf5 Qf7 35.Qf3 Qc4
36.Re1 Rxe1+ 37.Bxe1 a5 38.Bd2 Qe6 39.Kg2 a4 40.Qa8+ Kh7 41.Qf3 Qe8 42.Bf4 Qg6+
43.Bg3 Bg5 44.Qe2 Qf5 45.c4 bxc4 46.Qxc4 Qd7 47.h4 Qb7+ 48.Kh3 Qh1+ 49.Kg4 Qd1+
50.Kh3 Bf6 51.Qb5 Qh1+ 52.Kg4 Qe4+ 53.Kh3 g6  0-1

[Event "WCh Women"]
[Site "Antakya TUR"]
[Date "2010.12.04"]
[Round "1.1"]
[White "Dembo,Y"]
[Black "Munguntuul,B"]
[Result "1/2-1/2"]
[WhiteElo "2454"]
[BlackElo "2409"]

1.e4 c5 2.Nf3 e6 3.Nc3 Nc6 4.d4 cxd4 5.Nxd4 Qc7 6.Be3 a6 7.Be2 Nf6 8.a3 b5
9.Nxc6 dxc6 10.f4 e5 11.fxe5 Qxe5 12.Bd4 Qe6 13.e5 Ng4 14.O-O Be7 15.Bf3 O-O
16.Qe2 Rb8 17.h3 Nh6 18.Be4 c5 19.Be3 Bb7 20.Bxb7 Rxb7 21.Qh5 Rb6 22.Rad1 Rc6
23.Nd5 Bd8 24.Rd2 Qe8 25.Rfd1 f5 26.Qxe8 Rxe8 27.Nb4 Rc8 28.Nxa6 Nf7 29.Nxc5 Bb6
30.b4 Nxe5 31.Bf2 Nc4 32.Rd7 Nxa3 33.Rb7 Rb8 34.Rdd7 Rxb7 35.Rxb7 Bd8 36.Bd4 Bf6
37.Bxf6 gxf6 38.Kf2 Rd8 39.Nd7 Kf7 40.Ne5+ Ke6 41.Nf3 h5 42.c3 Rd3 43.Nd4+ Kd5
44.Ne2 Kd6 45.Rh7 Nc4 46.Rxh5 Ke5 47.Rh7 Nd2 48.Rb7 Ne4+ 49.Ke1 Nxc3 50.Nxc3 Rxc3
51.Rxb5+ Ke4 52.Rb6 Rc2 53.Kf1 Rb2 54.b5 Kf4 55.Rb8 Rb1+ 56.Kf2 Rb2+ 57.Kf1 Rb1+
58.Ke2 Rb2+  1/2-1/2

[Event "TCh-CZE 2010-11"]
[Site "Czech Rep CZE"]
[Date "2010.12.04"]
[Round "3.2"]
[White "Jakubiec,A"]
[Black "Stefansson,H"]
[Result "1-0"]
[WhiteElo "2547"]
[BlackElo "2573"]

1.e4 c5 2.Nf3 e6 3.d4 cxd4 4.Nxd4 Nc6 5.Nc3 Qc7 6.Nxc6 dxc6 7.f4 e5 8.f5 Nf6
9.Qf3 Bc5 10.Bg5 b5 11.O-O-O Bb7 12.Kb1 a6 13.g4 Bd6 14.Be3 O-O-O 15.g5 Nd7
16.Qf2 Bb4 17.Rd3 Ba5 18.f6 gxf6 19.Bh3 Kb8 20.Rhd1 Nb6 21.b4 Rxd3 22.Rxd3 Nc4
23.Rd7 Qc8 24.bxa5 Rd8 25.Rxd8 Qxd8 26.Bb6 Nxb6 27.axb6 fxg5 28.Qc5 f6 29.Bg4 Ba8
30.a4 Qd4 31.Qf8+ Kb7 32.a5  1-0

[Event "TCh-SWE Elitserien 2010-11"]
[Site "Sweden SWE"]
[Date "2010.12.04"]
[Round "5"]
[White "Von Bahr,O"]
[Black "Volodin,Alek"]
[Result "0-1"]
[WhiteElo "2319"]
[BlackElo "2433"]

1.e4 c5 2.Nf3 e6 3.d4 cxd4 4.Nxd4 Nc6 5.Nc3 Qc7 6.Be2 Nf6 7.O-O a6 8.Be3 Bb4
9.Na4 O-O 10.c4 Bd6 11.g3 Nxe4 12.Bf3 f5 13.c5 Be5 14.Nb6 Rb8 15.Nxc6 bxc6
16.Bxe4 fxe4 17.Qc2 Qd8 18.Rad1 Bc7 19.Nc4 a5 20.Rd2 Rf5 21.Qxe4 Ba6 22.Rfd1 Rd5
23.Nb6 Bxb6 24.cxb6 Qf6 25.Bd4 Qf7 26.Qe3 d6 27.Bc3 Bc4 28.b3 Rxd2 29.Rxd2 Bd5
30.Bxa5 c5 31.f3 Qb7 32.Kg2 Rf8 33.Rf2 Qa6 34.b4 Qb5 35.a3 c4 36.g4 Qa4 37.b7 Qc6
38.b5 Qxb7 39.Bb4 Qe7 40.Kg3 h5 41.h3 e5 42.Qd2 h4+ 43.Kh2 Qe6 44.Qe3 Ba8
45.Qb6 e4 46.Qxd6 Qxd6+ 47.Bxd6 e3 48.Re2 Rxf3 49.Bc5 Rf1  0-1

[Event "77th ch-BRA"]
[Site "Americana BRA"]
[Date "2010.12.05"]
[Round "8"]
[White "Shumyatsky,V"]
[Black "Di Berardino,D"]
[Result "1/2-1/2"]
[WhiteElo "2352"]
[BlackElo "2491"]

1.e4 c5 2.Nf3 e6 3.d4 cxd4 4.Nxd4 Nc6 5.Nc3 a6 6.Nxc6 bxc6 7.Bd3 d5 8.O-O Nf6
9.Qe2 Be7 10.Na4 O-O 11.c4 Bb7 12.e5 Nd7 13.Bf4 Nb6 14.Nc3 a5 15.Rfd1 g6
16.Qg4 Ba6 17.b3 a4 18.Ne2 axb3 19.axb3 Bb7 20.Rxa8 Bxa8 21.Bh6 Re8 22.Nf4 Kh8
23.h4 Nd7 24.Re1 Qa5 25.Qe2 Bxh4 26.Nh3 Kg8 27.Qe3 Be7 28.Re2 Bf8 29.Bxf8 Nxf8
30.Nf4 Bb7 31.Qg3 Qc3 32.Kh2 Nd7 33.Re3 Qd4 34.Ne2 Qb2 35.cxd5 cxd5 36.Bb5 d4
37.Bxd7 dxe3 38.Bxe8 Qxe2 39.fxe3 Qh5+ 40.Kg1 Qd1+ 41.Kh2 Qd8 42.Bb5 Qd5
43.Bc4 Qe4 44.Bf1 Bd5 45.Qg5 h6 46.Qd8+ Kh7 47.Qf6 Kg8 48.Qd8+  1/2-1/2

[Event "WCh Women"]
[Site "Antakya TUR"]
[Date "2010.12.05"]
[Round "1.2"]
[White "Zhang Xiaowen"]
[Black "Mkrtchian,L"]
[Result "1/2-1/2"]
[WhiteElo "2339"]
[BlackElo "2479"]

1.e4 c5 2.Nf3 e6 3.d4 cxd4 4.Nxd4 Nc6 5.Nc3 Qc7 6.f4 a6 7.Nxc6 bxc6 8.Bd3 d5
9.O-O Nf6 10.Kh1 Be7 11.e5 Nd7 12.Na4 g6 13.c4 Nb6 14.Nxb6 Qxb6 15.b3 a5
16.Rb1 Bb7 17.Bb2 d4 18.Be4  1/2-1/2

[Event "TCh-HUN 2010-11"]
[Site "Mako HUN"]
[Date "2010.12.05"]
[Round "4"]
[White "Domany,Z"]
[Black "Balazs,G2"]
[Result "0-1"]
[WhiteElo "2192"]
[BlackElo "2366"]

1.e4 c5 2.Nf3 e6 3.d4 cxd4 4.Nxd4 Nc6 5.Nc3 Qc7 6.g3 a6 7.Bg2 Nf6 8.O-O Bc5
9.Nb3 Ba7 10.Bf4 Ne5 11.Qe2 d6 12.Rad1 Bd7 13.Kh1 b5 14.a3 Rd8 15.Bxe5 dxe5
16.Rd2 O-O 17.Rfd1 Bc6 18.f3 Qb6 19.Rxd8 Rxd8 20.Rxd8+ Qxd8 21.Qd1 Qb6 22.Ne2 Bxe4
23.fxe4 Ng4 24.Qf1 Nf2+ 25.Kg1 Qe3 26.c3 Qh6 27.h4 g5 28.Ned4 Ng4 29.Qe2 Nf6
30.Qd2 exd4 31.cxd4 Ng4 32.Qxg5+ Qxg5 33.hxg5 Ne3 34.Kf2 Nd1+ 35.Ke2 Nxb2
36.d5 Nc4 37.Nd2 Nxa3 38.Kd3 Bb8 39.g4 Bd6 40.Bf1 Kg7 41.Nf3 Nc4 42.Nd4 exd5
43.exd5 Kg6 44.Nf3 Ne5+ 45.Nxe5+ Bxe5 46.Ke4 Bd6  0-1

[Event "31st Crespi Memorial"]
[Site "Milan ITA"]
[Date "2010.12.05"]
[Round "2"]
[White "Gikas,A"]
[Black "Tesic,D"]
[Result "1-0"]
[WhiteElo "2182"]
[BlackElo "2403"]

1.e4 c5 2.Nf3 e6 3.d4 cxd4 4.Nxd4 Nc6 5.Nc3 a6 6.Be2 Qc7 7.O-O Nf6 8.Be3 Bb4
9.Na4 O-O 10.c4 Be7 11.Nc3 d6 12.f4 Rb8 13.Rc1 Nxd4 14.Bxd4 b6 15.Qe1 Nd7
16.Qg3 Bf6 17.Bxf6 Nxf6 18.Kh1 Bb7 19.Bd3 Nd7 20.b3 Rbe8 21.Rfd1 e5 22.Nd5 Qb8
23.f5 Bxd5 24.cxd5 Nf6 25.Qe3 Rc8 26.Rc6 Rxc6 27.dxc6 b5 28.Rc1 Rc8 29.a4 Ne8
30.a5 Kf8 31.b4 Qa8 32.Qb6 Rb8 33.Qf2 Rc8 34.Qb6 Ke7 35.Bb1 Rb8 36.Qf2 Rc8
37.Qb6 Nc7 38.Ba2 Qb8 39.Qf2 Ne8 40.h3 Rc7 41.g4 h6 42.h4 Qa7 43.Qb6 Qa8
44.g5 hxg5 45.hxg5 Kf8 46.Bd5 Qc8 47.Qe3 Ke7 48.Qb3 Kd8 49.Qh3 Qb8 50.Qe3 Qc8
51.Kg2 Re7 52.Rh1 Nc7 53.Qb6 g6 54.Bxf7 Re8  1-0

[Event "WCh Women"]
[Site "Antakya TUR"]
[Date "2010.12.06"]
[Round "1.3"]
[White "Dembo,Y"]
[Black "Munguntuul,B"]
[Result "1/2-1/2"]
[WhiteElo "2454"]
[BlackElo "2409"]

1.e4 c5 2.Nf3 e6 3.Nc3 Nc6 4.d4 cxd4 5.Nxd4 Qc7 6.Be3 a6 7.Be2 Nf6 8.a3 Be7
9.f4 d5 10.e5 Nd7 11.O-O O-O 12.Kh1 b5 13.Bd3 Nc5 14.Nce2 Nxd4 15.Nxd4 f5
16.exf6 Bxf6 17.Qd2 Bd7 18.Rae1 Nxd3 19.cxd3 e5 20.fxe5 Bxe5 21.Nf3 Bd6 22.Rc1 Qd8
23.Qc3 Rf5 24.Qd4 Be6 25.Rfe1 Bf7 26.Qg4 Qd7 27.Qh3 Be6 28.Qh4 Rff8 29.Nd4 Bf7
30.Bf4 Bxf4 31.Qxf4 Bg6 32.Qg3 Rae8 33.h3 Qa7 34.Ne6 Qf2 35.Kh2 Rf6 36.Qxf2 Rxf2
37.Nc5 Rxe1 38.Rxe1 Rxb2 39.Re5 Ra2 40.Rxd5 Rxa3 41.Rd7 Bf5 42.Rd5 Bg6 43.Rd7 Be8
44.Re7 Bc6 45.Re6 Bd5 46.Rd6 Ba2 47.Rxa6 Rxa6 48.Nxa6 Kf7 49.Nb4 Bb1 50.Kg3 Ke6
51.Kf4 Kd6 52.d4 Bg6 53.g4 Bb1 54.h4 h6 55.g5  1/2-1/2

[Event "FSIM November"]
[Site "Budapest HUN"]
[Date "2010.12.06"]
[Round "3"]
[White "Szalanczy,E"]
[Black "Lengyel,B"]
[Result "1/2-1/2"]
[WhiteElo "2247"]
[BlackElo "2289"]

1.e4 c5 2.Nf3 Nc6 3.d4 cxd4 4.Nxd4 e6 5.Nc3 Qc7 6.Be3 Nf6 7.Bd3 a6 8.O-O Ne5
9.h3 b5 10.f4 Nc4 11.Bxc4 Qxc4 12.Qd3 d5 13.e5 Nd7 14.Qxc4 dxc4 15.f5 Nxe5
16.fxe6 Bxe6 17.Rae1 Nd7 18.Nxe6 fxe6 19.Bd4 O-O-O 20.Rxe6 Nc5 21.Rc6+ Kb7
22.Rxc5 Rxd4 23.Rcf5 Bd6 24.Rf7+ Kc6 25.Rxg7 b4 26.Na4 Rd5 27.b3 Be5 28.Re7 c3
29.Re6+ Bd6 30.Re4 Rf8 31.Rxf8 Bxf8 32.Kf2 Rf5+ 33.Ke2 Rd5 34.Re6+ Bd6 35.Kf3 Rf5+
36.Ke2 Rd5 37.Kf3 Rf5+  1/2-1/2

[Event "31st Crespi Memorial"]
[Site "Milan ITA"]
[Date "2010.12.07"]
[Round "9"]
[White "Solodovnichenko,Y"]
[Black "David,Alb"]
[Result "0-1"]
[WhiteElo "2563"]
[BlackElo "2587"]

1.e4 c5 2.Nf3 e6 3.d4 cxd4 4.Nxd4 Nc6 5.Nc3 Qc7 6.Be3 a6 7.Qd2 Nf6 8.O-O-O Bb4
9.f3 Ne5 10.Nb3 b5 11.Qf2 Bxc3 12.Bc5 Neg4 13.Qg1 Be5 14.fxg4 d6 15.Bb6 Qe7
16.Be2 Bb7 17.Bf3 Bxe4 18.g5 Bf4+ 19.Be3 Nd5 20.Bxf4 Bxf3 21.Bxd6 Qxd6 22.gxf3 O-O
23.Kb1 Rfc8 24.Qg3 Qb6 25.Rd2 a5 26.Qg1 Qc7 27.Qg3 Qc4 28.Re1 a4 29.Re4 Qc6
30.Nd4 Qb6 31.Qh3 a3 32.g6 hxg6 33.Rh4 f5 34.Qg3 Qd8 35.Qe1 e5 36.Nxb5 axb2
37.a4 e4 38.fxe4 Rxa4 39.Rxd5 Ra1+ 40.Kxb2 Rxe1 41.Rxd8+ Rxd8 42.exf5 gxf5
43.Rf4 Re5 44.c4 Re4 45.Rxf5 Rxc4 46.Nc3 Rd2+ 47.Kb3 Rh4 48.Nd5 Rdxh2 49.Kc3 R2h3+
50.Kd2 Ra4 51.Kc1 Rh2 52.Kb1 Re4 53.Rf1 Kh7 54.Kc1 Kh6 55.Rg1 Ra4 56.Kb1 Raa2  0-1

[Event "WCh Women"]
[Site "Antakya TUR"]
[Date "2010.12.08"]
[Round "2.2"]
[White "Dembo,Y"]
[Black "Kosintseva,T"]
[Result "1/2-1/2"]
[WhiteElo "2454"]
[BlackElo "2581"]

1.e4 c5 2.Nf3 e6 3.Nc3 Nc6 4.d4 cxd4 5.Nxd4 d6 6.g4 a6 7.Be3 Nge7 8.Nb3 b5
9.f4 Bb7 10.Rg1 Rc8 11.Qd2 Ng6 12.Qf2 Qc7 13.a3 Be7 14.g5 b4 15.Nd1 bxa3
16.bxa3 e5 17.f5 Nf4 18.c4 h6 19.f6 gxf6 20.gxh6 f5 21.Nc3 fxe4 22.Bxf4 exf4
23.h7 f5 24.Qxf4 Rxh7 25.Qxf5 Rf7 26.Qe6 Ne5 27.O-O-O Qb6 28.Rg8+ Rf8 29.Nd5 Bxd5
30.Qxc8+ Kf7 31.Rxf8+ Bxf8 32.cxd5 Qxb3 33.Qe6+ Kg7 34.Qf5 Qxa3+ 35.Kb1 Qb3+
36.Kc1 Be7 37.Be2 Qe3+ 38.Kb1 Qb6+ 39.Kc2 Qc5+ 40.Kb1 Qb4+ 41.Kc2 Qc5+ 42.Kb1 Qe3
43.Rf1 a5 44.Rf2 Qb3+ 45.Kc1 Qc3+ 46.Kb1 Qb4+ 47.Kc2 Qa4+ 48.Kb1 Qb3+ 49.Kc1 Qe3+
50.Kb1 Bg5 51.Qf8+ Kh7 52.Qf5+ Kg7 53.Qf8+ Kh7 54.Qf5+ Ng6 55.Bh5 Qc1+ 56.Ka2 Qc4+
57.Kb1 Qc1+ 58.Ka2 Qc4+  1/2-1/2

[Event "WCh Women"]
[Site "Antakya TUR"]
[Date "2010.12.08"]
[Round "2.2"]
[White "Kosteniuk,A"]
[Black "Khukhashvili,S"]
[Result "1/2-1/2"]
[WhiteElo "2507"]
[BlackElo "2430"]

1.e4 c5 2.Nf3 e6 3.d4 cxd4 4.Nxd4 Nc6 5.Nc3 Qc7 6.Be2 a6 7.O-O Nf6 8.Be3 Be7
9.f4 d6 10.Kh1 O-O 11.Qe1 Nxd4 12.Bxd4 b5 13.a3 Bb7 14.Qg3 Rad8 15.Bd3 Rfe8
16.Rae1 Rd7 17.Re2 Bc6 18.Ref2 Qb8 19.b4 Bd8 20.e5 dxe5 21.Bxe5 Qb7 22.Qh3 g6
23.Re2 Nh5 24.Ne4 Bxe4 25.Bxe4 Qc8 26.Qf3 Rf8 27.f5 Bf6 28.Bc6 exf5 29.Bxd7 Qxd7
30.Qc3 Rc8 31.Qa1 Qc6 32.Qd4 Rd8 33.Qc5 Qd7 34.Rfe1 Kg7 35.Kg1 Rc8 36.Bxf6+ Nxf6
37.Qe5 Rc6 38.h3 Qc8 39.Qd4 Rc4 40.Qb2 Rc3 41.Rd1 Rc6 42.Rdd2 Qc7 43.Qd4 Rc4
44.Qb2 Rc6 45.Qd4 Rc4 46.Qa1 Qg3 47.Rd3 Qc7 48.Red2 Rc6 49.a4 bxa4 50.Qxa4 g5
51.Qa1 Kg6 52.Rd8 Re6 53.R8d3 Qe7 54.Rd1 Qxb4 55.Qd4 Qb7 56.Rb3 Qe7 57.Rb6 Re2
58.c4 h5 59.c5 h4 60.Rf1 Rc2 61.Rd6 Re2 62.Kh1 Re4 63.Qd3 Qe5 64.Rxa6 Kg7
65.Qd6 Qxd6 66.Rxd6 Nh5 67.Rc1 g4 68.c6 Ng3+ 69.Kh2 Ne2 70.Rdd1 g3+ 71.Kh1 Nxc1
72.Rxc1 Re8 73.c7 Rc8 74.Kg1 Kf6 75.Kf1 Ke6 76.Ke2 Kd6 77.Rc4 Rxc7 78.Rxh4 Ke5
79.Ra4 Rc2+ 80.Kf3 Rc3+ 81.Ke2 Rc5 82.Kf3 Rc3+ 83.Ke2 Kf6 84.h4 Kg6 85.Rf4 Ra3
86.Rf3 Rxf3 87.Kxf3 Kh5  1/2-1/2

[Event "31st Crespi Memorial"]
[Site "Milan ITA"]
[Date "2010.12.08"]
[Round "5"]
[White "Aranovitch,E"]
[Black "Lapiccirella,D"]
[Result "1/2-1/2"]
[WhiteElo "2335"]
[BlackElo "2225"]

1.e4 c5 2.Nf3 e6 3.d4 cxd4 4.Nxd4 Nc6 5.Nc3 a6 6.g3 Qc7 7.Bg2 d6 8.O-O Bd7
9.Re1 Be7 10.a4 b6 11.Nxc6 Bxc6 12.Qg4 h5 13.Qe2 h4 14.Bf4 hxg3 15.hxg3 Nf6
16.Rad1 Bb7 17.Rd2 Nd7 18.Red1 Ne5 19.Rd4 Rc8 20.Bc1 Qc5 21.Bf1 Nc6 22.Rc4 Qh5
23.Qxh5 Rxh5 24.Be2 Rc5 25.Be3 Rxc4 26.Bxc4 Ne5 27.Be2 Nc4 28.Bxc4 Rxc4 29.Rd4 Rc6
30.Rd2 Bf6 31.Bd4 Ke7 32.f3 Rc4 33.Bxf6+ gxf6 34.Kf2 Bc6 35.Rd3 b5 36.axb5 axb5
37.Rd2 Rc5 38.Ne2 f5 39.exf5 Rxf5 40.Nd4 Rc5  1/2-1/2

[Event "TCh-NED"]
[Site "Netherlands NED"]
[Date "2010.12.08"]
[Round "4.1"]
[White "Saltaev,M"]
[Black "Swinkels,R"]
[Result "0-1"]
[WhiteElo "2483"]
[BlackElo "2478"]

1.e4 c5 2.Nf3 e6 3.d4 cxd4 4.Nxd4 Nc6 5.Nc3 Qc7 6.f4 a6 7.Nxc6 Qxc6 8.Bd3 b5
9.Qe2 Bb7 10.Bd2 Bc5 11.O-O-O Ne7 12.Qh5 b4 13.Ne2 d5 14.Ng3 g6 15.Qg5 Rf8
16.Rhe1 O-O-O 17.Kb1 Qb6 18.Qh4 h5 19.b3 dxe4 20.Nxe4 Nf5 21.Qh3 Bd4 22.c3 bxc3
23.Rc1 Kb8 24.Bxc3 Be3 25.Be5+ Ka8 26.Nd6 Bxc1 27.Nxb7 Rxd3 28.Qxd3 Ba3 29.Na5 Qxa5
30.Rd1 Rc8 31.Bb2 Bxb2 32.Qe4+ Kb8 33.Rd7 Qb5  0-1